[Event "Harrogate 4NCL op-B 17th"]
[Site "Harrogate"]
[Date "2018.01.20"]
[Round "2"]
[White "Tangirala, Aditya"]
[Black "Whitehead, Mark A"]
[Result "0-1"]
[WhiteElo "1447"]
[BlackElo "1887"]
[PlyCount "76"]
[EventDate "2018.01.19"]
[EventType "swiss"]
[EventRounds "5"]
[EventCountry "ENG"]
[SourceTitle "CBM 182 Extra"]
[Source "ChessBase"]
[SourceDate "2018.02.23"]
[SourceVersion "1"]
[SourceVersionDate "2018.02.23"]
[SourceQuality "1"]

1. d4 Nf6 2. Bf4 d6 3. e3 g6 4. Bd3 Bg7 5. Nd2 0-0 6. Ngf3 Nbd7 7. c3 Re8 8. 0-0 e5 9. Bg5 h6 10. Bxf6 Nxf6 11. Qc2 Qe7 12. e4 Nh5 13. Rfe1 Nf4 14. Bc4 g5 15. Nf1 g4 16. N3d2 exd4 17. cxd4 Bxd4 18. Ng3 Qf6 19. Rab1 c6 20. Nb3 Be5 21. Nc1 Be6 22. Nce2 Rac8 23. Nxf4 Qxf4 24. Bxe6 fxe6 25. Qb3 Rc7 26. Nf1 Rf7 27. Re2 Bd4 28. Ne3 Qxe4 29. Rbe1 Qg6 30. Nc4 Bc5 31. Qg3 e5 32. Ne3 h5 33. h3 Rf4 34. Nxg4 Bxf2+ 35. Rxf2 Rxf2 36. Kxf2 Rf8+ 37. Kg1 hxg4 38. Rc1 d5 0-1

[Event "BCF-chT2 1617 (4NCL) Demotion pool"]
[Site "England"]
[Date "2017.04.29"]
[Round "9.58"]
[White "Tangirala, Aditya"]
[Black "Kearney, James"]
[Result "1/2-1/2"]
[WhiteElo "1434"]
[BlackElo "1703"]
[PlyCount "86"]
[EventDate "2016.11.19"]
[EventType "team-tourn"]
[EventRounds "11"]
[EventCountry "ENG"]
[SourceTitle "EXT 2019"]
[Source "ChessBase"]
[SourceDate "2018.10.10"]
[SourceVersion "1"]
[SourceVersionDate "2018.10.10"]
[SourceQuality "1"]
[WhiteTeam "White Rose II"]
[BlackTeam "Warwicks Select II"]
[WhiteTeamCountry "ENG"]
[BlackTeamCountry "ENG"]

1. e4 e5 2. Nf3 Nc6 3. Bb5 a6 4. Ba4 Nf6 5. 0-0 Be7 6. Re1 b5 7. Bb3 d6 8. c3 0-0 9. h3 Na5 10. Bc2 c5 11. d4 Qc7 12. d5 Nc4 13. Nbd2 Nxd2 14. Bxd2 Bd7 15. Nh2 Rfc8 16. f4 Bf8 17. f5 h6 18. Ng4 Qd8 19. Qf3 Nxg4 20. hxg4 Be7 21. Rf1 Bg5 22. Rad1 a5 23. a4 bxa4 24. Bxg5 Qxg5 25. Ra1 Rcb8 26. Rfb1 Qd2 27. Qf2 Qxf2+ 28. Kxf2 Bb5 29. Ke3 Kf8 30. Bxa4 c4 31. Kd2 Ke7 32. Ke3 Kd7 33. b3 Bxa4 34. bxa4 Kc7 35. Kd2 Rxb1 36. Rxb1 Rb8 37. Rxb8 Kxb8 38. Ke3 Kc8 39. Kf3 Kd7 40. Kg3 Ke7 41. Kh4 g6 42. fxg6 fxg6 43. g5 h5 1/2-1/2